Еволюція американського геополітичного мислення: від панамериканізму, підтримкм національно-державницьких підходів до глобалізму (Запис № 463390)

МАРК-запис
000 -Лідер
fixed length control field 01215nab a2200253 4500
001 - Контрольний номер
control field 216219281
003 - Ідентифікатор контрольного номера
control field UA-OsUOA
005 - Дата та час останнього входження (трансакції)
control field 20200921105950.0
007 - Фіксоване поле фізичного опису
fixed length control field ta
008 - Елементи даних фіксованої довжини – загальна інформація
fixed length control field 200921c2020 un |||p| |||| 00| c ukr d
040 ## - Джерело каталогізації
Агенція оригінальної каталогізації UA-OsUOA
Мова каталогізації ukr
Агенція, яка здійснювала перезапис UA-OsUOA
Агенція, яка здійснювала модифікацію UA-OsUOA
041 ## - Код мови
Код мови тексту/ звукової доріжки чи окремого заголовка (П) ukr
080 ## - Індекс Універсальної десяткової класифікації
Індекс Універсальної десяткової класифікації (УДК) (НП) 32
090 ## - Локальний шифр розміщення
Класифікаційний індекс УДК 32
Авторський знак (НП) Д54
100 ## - Основне введення – ім’я особи
Ім’я особи (НП) Дністрянський М.
245 ## - Відомості про назву
Назва (НП) Еволюція американського геополітичного мислення: від панамериканізму, підтримкм національно-державницьких підходів до глобалізму
Дані про відповідальність (НП) Мирослав Дністрянський
260 ## - Публікація, розповсюдження і т.п. (Вихідні дані)
Місце публікації, розповсюдження і т.п. (П) К.
Ім’я/ наймення видавництва, розповсюджувача і т.п. (П) ПП "СКАЙ СОЛЮШЕНС"
Дата публікації, розповсюдження і т.п. (П) 2020
300 ## - Фізичний опис
Обсяг С. 21–32.
650 ## - Додаткове предметне введення – тематичний термін
Джерело заголовка чи терміна UDC
Тематичний термін чи географічна назва, як елемент введення (НП) 32 Політика
773 0# - Введення хост-одиниці (П)
Бібліонома 459479
Host Itemnumber 460749
Заголовок основного введення Незалежний аналітичний центр геополітичних досліджень "Борисфен Інтел"
Місце, видавець та дата видання (НП) К. ПП "Скай Солюшенс" 2020
Інший ідентифікатор одиниці опису 216219280
Назва (НП) Бінтел
Контрольний номер запису (П) (UA-OsUOA)216218588
Інформація про взаємозв’язок (П) № 2
942 ## - Додаткові елементи входу (Коха)
Source of classification or shelving scheme Universal Decimal Classification
Тип елемента Koha Стаття періодики
955 ## - Код типу видання за змістом
Код типу видання за змістом (НП) Наукові видання

Немає доступних примірників.